Denuncia y Solidaridad/
Guardat en:
| Autor corporatiu: | |
|---|---|
| Format: | Llibre |
| Idioma: | Spanish |
| Publicat: |
San José, Costa Rica:
Comisión Centroamericana de Derechos Humanos
|
| Matèries: | |
| Etiquetes: |
Afegir etiqueta
Sense etiquetes, Sigues el primer a etiquetar aquest registre!
|
MARC
| LEADER | 00000nam a22000007a 4500 | ||
|---|---|---|---|
| 003 | cru CIDCACS/IIS | ||
| 005 | 20190227103741.0 | ||
| 007 | ta | ||
| 008 | 190222n cr |||||r||||||0| ||spa|d | ||
| 999 | |c 42204 |d 42204 | ||
| 040 | |c cru CIDCACS/IIS | ||
| 090 | |a REV0273 | ||
| 110 | |9 8348 |a Comisión Centroamericana de Derechos Humanos (Costa Rica) | ||
| 245 | 1 | |a Denuncia y Solidaridad/ |c Comisión Centroamericana de Derechos Humanos | |
| 260 | |a San José, Costa Rica: |b Comisión Centroamericana de Derechos Humanos | ||
| 270 | |a Comisión Centroamericana de Derechos Humanos |e apartado 189 Paseo de los Estudiantes, San José Costa Rica | ||
| 500 | |a EXISTENCIAS : 1980 (1-2) 1981 (3-4) 1982 (8) | ||
| 650 | 0 | |9 38 |a DERECHOS HUMANOS | |
| 650 | 0 | |9 2860 |a REFUGIADOS | |
| 650 | 4 | |9 3737 |a POBLACION INDIGENA | |
| 650 | 4 | |9 1921 |a INTERVENCION EXTRANJERA | |
| 650 | 0 | |9 70 |a FUERZAS ARMADAS | |
| 650 | 0 | |9 1860 |a IGLESIA | |
| 650 | 0 | |9 138 |a PAZ | |
| 651 | 0 | |9 32 |a COSTA RICA | |
| 942 | |2 ddc |c PP | ||
